LIBRARY & INFORMATION CENTRE, KCAET, TAVANUR

ONLINE PUBLIC ACCESS CATALOGUE (OPAC)

Food processing operations analysis (Record no. 15399)

MARC details
000 -LEADER
fixed length control field 00324nam a22001337a 4500
020 ## - INTERNATIONAL STANDARD BOOK NUMBER
ISBN 8186299785
020 ## - INTERNATIONAL STANDARD BOOK NUMBER
ISBN 9788186299784
082 ## - DEWEY DECIMAL CLASSIFICATION NUMBER
Classification number 664.02
Item number DAS/FO
100 ## - MAIN ENTRY--AUTHOR NAME
Personal name Das, H
245 ## - TITLE STATEMENT
Title Food processing operations analysis
260 ## - PUBLICATION, DISTRIBUTION, ETC. (IMPRINT)
Place of publication New Delhi
Name of publisher Asian Book Private Limited
Year of publication 2005
300 ## - PHYSICAL DESCRIPTION
Number of Pages 406
942 ## - ADDED ENTRY ELEMENTS (KOHA)
Koha item type Book Bank scheme for SC students
Holdings
Withdrawn status Lost status Damaged status Home library Current library Shelving location Date acquired Full call number Accession Number Koha item type
      KAUAET KAUAET Scheme 31/03/2018 664.02 DAS/FO BB 496 Book Bank scheme for SC students
free website counter